000 00302nam a2200121Ia 4500
008 220901s9999||||xx |||||||||||||| ||und||
082 _a505 BAL
100 _aBalaram, P.
245 0 _aCurrent science
250 _aVol. 97 Issue 4, 5 & 6
260 _bIndian Academy Science
_c2009
650 _aPhysics
999 _c193933
_d193933